Responses for Show #9056 - Monday, March 11, 2024

2024 Tournament of Champions semifinal game 3.

Contestants

[<< previous game]

Brian Henegar, a guest services agent from LaFollette, Tennessee

Troy Meyer, a music executive from Tampa, Florida

Luigi de Guzman, an attorney from Arlington, Virginia

[next game >>]

Jeopardy! Round responses

RENAISSANCE WOMEN
DOWN IN THE VALLEY
ON WHEELS
RESISTANCE IS FUTILE
DEALING WITH TV REALITY
ENIGMATIC ANAGRAMS
    $200 12
Latin

Luigi
    $200 20
Egypt

Luigi
    $200 22
pickup trucks

Brian
    $200 30
Twister

Luigi
    $200 29
(Brian: Bring it.)

Squid Game

Brian
    $200 23
a riddle

Brian
    $400 18
the First Lady

Luigi
    $400 19
(Brian: What is Wyoming?)

Alaska

TroyBrian
    $400 21
(Luigi: What is a Microbus? [*]?)

a VW Microbus

Luigi
    $400 16
a straitjacket

Brian
    $400 28
(Luigi: What is The Bachelor?)
...
(Ken: Nobody's been watching [*].)
(Brian: I knew that right as you said it.)

Vanderpump Rules

Luigi
Triple Stumper
    $400 24
subterfuge

Troy
    $600 15
the easel

Luigi
    $2,600 7
Glen

Luigi
    $600 10
Little Tikes

Luigi
    $600 11
a Pomeranian & a Husky

Luigi
    $600 2
Salt Lake City

Triple Stumper
    $600 25
(Brian: What is... ah, lost it.)

obscure

TroyBrian
    $800 14
Lucrezia Borgia

Luigi
    $800 6
the Pyrenees

Luigi
    $800 4
landing gear

Luigi
    $800 9
Neville Chamberlain

Luigi
    $800 3
(Brian: What is Black Gold?)
...
(Brian: Okay, that was a mistake, ON WHEELS, $800, please.)
[Laughter]

Ink Master

Brian
Triple Stumper
    $800 26
ambiguous

Brian
    $1000 13
humanism

Troy
    $1000 5
the Shenandoah

Luigi
    $1000 1
a velodrome

Brian
    $1000 8
Midnight Sun

Triple Stumper
    $1000 17
Love is Blind

Luigi
    $1000 27
esoteric

Triple Stumper

Scores at the first commercial break (after clue 15):

Luigi Troy Brian
$8,800 $1,000 $200

Scores at the end of the Jeopardy! Round:

Luigi Troy Brian
$10,600 $2,400 $1,000

Double Jeopardy! Round responses

THE CIVIL WAR
BEHIND THE MUSIC
NATURE
IT'S CURTAINS
WORLD OF LIT
"AI"
    $400 29
(Brian: And bring it.)

Reb

Brian
    $400 23
roadies

Troy
    $400 30
(Ken: That brings a perfect ending to a perfect round; every single clue responded to correctly.)
[Applause]

a geode

Brian
    $400 28
the Bamboo Curtain

Luigi
    $400 27
Nemo

Troy
    $400 26
maize

Troy
    $6,800 7
Grant

Troy
    $800 22
the Wall of Sound

Brian
    $800 14
(Brian: What's a penguin?)

the (Arctic) tern

LuigiBrian
    $800 21
Mexico City

Brian
    $800 18
Dostoevsky

Luigi
    $800 25
Medicaid

Brian
    $1200 6
Stonewall Jackson

Troy
    $1200 5
Nile Rodgers

Troy
    $1200 11
molting

Luigi
    $1200 15
Polonius

Troy
    $1200 10
The Satanic Verses

Luigi
    $1200 19
a wain

Brian
    $1600 2
a Gatling gun

Luigi
    $1600 4
The Wrecking Crew

Brian
    $1600 12
diatoms

Troy
    $1600 16
Pavarotti

Troy
    $1600 8
the Glass Bead Game

Troy
    $1600 20
a caiman

Troy
    $2000 3
Texas

Brian
    $2000 1
(Brian: Who is Brian Epstein?)

George Martin

TroyBrian
    $2000 13
a pangolin

Luigi
    $2000 17
Welty

Troy
    $2000 9
Nadine Gordimer

Troy
    $2,000 24
Jainism

Troy

Scores at the end of the Double Jeopardy! Round:

Luigi Troy Brian
$18,600 $28,400 $6,200

[wagering suggestions for these scores]

Final Jeopardy! Round responses

WORD ORIGINS
(Ken: His book was called Grundsätze der [*]; this is where [*] comes from.)
BrianWhat is I love you Mom, Dad, Katie, Danny & Dave! GG :)
$6,195
LuigiWhat is pragmatism?
$18,599
TroyWhat is pragmatic
$8,801
Realpolitik

Final scores:

Luigi Troy Brian
$1 $19,599 $5
3rd place: $10,000 Finalist 2nd place: $10,000

Game dynamics:

Coryat scores:

Luigi Troy Brian
$16,600 $22,400 $6,200
22 R
(including 1 DD),
1 W
19 R
(including 2 DDs),
0 W
14 R,
5 W

Combined Coryat: $45,200

[game clues] [game scores] [suggest correction]

Game tape date: 2024-02-08
The J! Archive is created by fans, for fans. Scraping, republication, monetization, and malicious use prohibited; this site may use cookies and collect identifying information. See terms. The Jeopardy! game show and all elements thereof, including but not limited to copyright and trademark thereto, are the property of Jeopardy Productions, Inc. and are protected under law. This website is not affiliated with, sponsored by, or operated by Jeopardy Productions, Inc. Join the discussion at JBoard.tv.